Obálka Náhled e-knihy:
PDF Epub
Pro půjčování e-knih musíte být přihlášeni.
Jak si půjčit online?

Anička a její kamarádky /

Uloženo v:
Série:Anička, část 1
Hlavní autor: Peroutková, Ivana, 1960- (Autor)
Další autoři: Mastníková, Eva (Autor)
Médium: E-kniha
Jazyk:Czech
Vydáno: V Praze : Albatros, 2010
Vydání:2. vyd.
Témata:
Příbuzné jednotky:Z cyklu:: Anička
Tagy:
Žádné tagy
LEADER 01696nam a2200421 a 4500
001 310073
003 CZ PrSKC
005 20260601215642.0
007 ta
008 100128s2010 xr a b 000 j cze
015 |a cnb002031002 
020 |a 9788000025346  |q (váz.) 
035 |a (OCoLC)614279340 
040 |a OLA001  |b cze 
072 7 |a 821.162.3-3  |x Česká próza  |2 Konspekt 
072 7 |a 821-93  |x Literatura pro děti a mládež (beletrie)  |2 Konspekt 
080 |a 821-93  |2 MRF 
080 |a 821.162.3-32  |2 MRF 
080 |a (0:82-32)  |2 MRF 
100 1 |a Peroutková, Ivana,  |d 1960-  |7 jn20000401963  |4 aut 
245 1 0 |a Anička a její kamarádky /  |c Ivana Peroutková ; [ilustrovala Eva Mastníková] 
250 |a 2. vyd. 
260 |a V Praze :  |b Albatros,  |c 2010 
300 |a 115 s. :  |b barev. il. ;  |c 22 cm 
500 |a Dotisk 2. vyd. 2011 
521 8 |a Pro čtenářky od 7 let 
655 7 |a české příběhy  |7 fd133973  |2 czenas 
655 7 |a publikace pro děti  |7 fd133156  |2 czenas 
655 9 |a Czech stories  |2 eczenas 
655 9 |a children's literature  |2 eczenas 
700 1 |a Mastníková, Eva  |7 jn20001103507  |4 ill 
787 0 8 |i Z cyklu:  |t Anička  |g 1 
900 |a ABA001  |b 17 
928 9 |a Albatros Media 
044 |a xr 
910 |a RBIT002 
998 |d 168047  |a https://core.palmknihy.cz/api/books/168047/cover?tf1pv8  |b https://core.palmknihy.cz/api/books/168047/cover/400?tf1pv8  |c https://core.palmknihy.cz/api/books/168047/cover/50?tf1pv8  |e 2033-12-31  |g 120  |i 9788000025346  |j https://core.palmknihy.cz/api/books/168047/preview.epub  |k https://core.palmknihy.cz/api/books/168047/preview.pdf  |l   |q 49  |r 1  |s https://www.palmknihy.cz/kniha/168047  |t ebook  |y 2013  |z 0  |v Anička  |w 1 
999 |d 310071